Catálogo Biblioteca Central

Seguridad social (Registro nro. 185964)

Detalles MARC
000 -CABECERA
campo de control de longitud fija 00818nam a22002655 4500
001 - NÚMERO DE CONTROL
campo de control 185964
003 - IDENTIFICADOR DEL NÚMERO DE CONTROL
campo de control ES-MaBCM
005 - FECHA Y HORA DE LA ÚLTIMA TRANSACCIÓN
campo de control 20241016192614.0
008 - CÓDIGOS DE INFORMACIÓN DE LONGITUD FIJA
campo de control de longitud fija 110603s2011 esp spa d
017 ## - NÚMERO DE COPYRIGHT O DE DEPÓSITO LEGAL
Depósito legal BI.1251-2011
020 ## - NÚMERO INTERNACIONAL NORMALIZADO PARA LIBROS(ISBN)
Número Internacional Normalizado para Libros (ISBN) 978-84-9004-114-7
021 ## -
-- xx
035 ## - NÚMERO DE CONTROL DEL SISTEMA
Número de control de sistema (OCoLC)751652358
040 ## - FUENTE DE LA CATALOGACIÓN
Centro transcriptor ES-MaBCM
080 ## - NÚMERO DE LA CLASIFICACIÓN DECIMAL UNIVERSAL
Número de la Clasificación Decimal Universal 349.3(460):369
100 1# - PUNTO DE ACCESO PRINCIPAL - NOMBRE DE PERSONA
Nombre de persona Blasco Lahoz, José Francisco
9 (RLIN) 5409
245 00 - MENCIÓN DE TÍTULO
Título Seguridad social
Resto del título : régimen general, regímenes especiales y prestaciones no contributivas
Mención de responsabilidad etc. José Francisco Blasco Lahoz
260 ## - PUBLICACIÓN, DISTRIBUCIÓN, ETC. (PIE DE IMPRENTA)
Lugar de publicación distribución etc. Valencia :
Nombre del editor distribuidor etc. Tirant lo Blanch,
Fecha de publicación distribución etc. 2011
300 ## - DESCRIPCIÓN FÍSICA
Extensión 1437 p. ;
Dimensiones 24 cm
490 0# - MENCIÓN DE SERIE
Mención de serie Todo el Derecho. Esfera
-- 113935
504 ## - NOTA DE BIBLIOGRAFÍA, ETC.
Nota de bibliografía etc. Incluye referencias bibliográficas
650 27 - PUNTO DE ACCESO ADICIONAL DE MATERIA--TÉRMINO DE MATERIA
Término de materia o nombre geográfico como elemento inicial Seguridad social
9 (RLIN) 60210
651 24 - PUNTO DE ACCESO ADICIONAL DE MATERIA--NOMBRE GEOGRÁFICO
Nombre geográfico España
9 (RLIN) 115342
942 ## - ELEMENTOS DE PUNTO DE ACCESO ADICIONAL (KOHA)
Tipo de ítem Koha Libros
Existencias
Estado de retiro Estado de pérdida Fuente del sistema de clasificación o colocación Estado dañado No para préstamo Localización permanente Ubicación/localización actual Ubicación en estantería Fecha de adquisición Fuente de adquisición Número de inventario Número de registro Signatura topográfica completa Código de barras Precio válido a partir de Tipo de ítem Koha
          Biblioteca Central del Ministerio de la Presidencia Biblioteca Central del Ministerio de la Presidencia Sala 06/07/2011 Compra 74446 74446 55597 1066971 06/07/2011 Libros